书目信息

书名: 菟丝花 
作者: 琼瑶,
出版信息: 北京   作家出版社  2024.10
开本页数: 21cm  263页
丛书名: 琼瑶作品大合集
单 册:
中图分类: I2407
科图分类:
主题词: 言情小说--yan qing xiao shuo--中国--当代 , 长篇小说--chang pian xiao shuo--中国--当代
电子资源:
ISBN: 978-7-5212-2841-0
000 01595nam 2200289 450
001 012025000951
005 20241209123035.4
010    @a978-7-5212-2841-0@dCNY39.00
100    @a20241209d2024 em y0chiy50 ea
101 @achi
102    @aCN@b110000
105    @ay z 000ay
106    @ar
200 @a菟丝花@Atu si hua@f琼瑶著
210    @a北京@c作家出版社@d2024.10
215    @a263页@d21cm
225 @a琼瑶作品大合集@Aqiong yao zuo pin da he ji
306    @a本书版权经由可人娱乐国际有限公司授权作家出版社出版简体中文版
314    @a琼瑶 (1938-2024), 本名陈喆, 作家、编剧、作词人、影视制作人。原籍湖南衡阳, 生于四川成都, 1949年随父母由大陆赴台生活。
330    @a本书内容讲述: 母亲去世之后, 孟忆湄被托付给素未谋面的罗毅教授。罗家处处透露出诡异的气氛: 罗教授性情暴躁、行为古怪; 罗太太纤弱苍白, 经常半夜出现在忆湄的床边; 痴痴傻傻的园丁嘉嘉总是哼唱着那首“花非花雾非雾”的歌曲; 花园中的小树林传说曾有人在那里吊死……忆湄的到来撕开了笼罩在罗家的诡异氛围, 解开了缠绕在罗教授、罗太太以及母亲三人之间的秘密, 也成功让阳光照进了这座房子里。“君为女萝草, 妾作菟丝花。”菟丝花是一种藤蔓植物, 只能依附缠绕在别的植物上才能生存。女子是否必须依附一个强壮的男人做一株“菟丝花”呢? 忆湄的母亲与罗太太做出了不同的选择。在爱情中, 除却娇弱的菟丝花, 女子也尽可以做一株劲草、一棵大树。
410  0 @12001 @a琼瑶作品大合集
606 @a言情小说@Ayan qing xiao shuo@y中国@z当代
606 @a长篇小说@Achang pian xiao shuo@y中国@z当代
690    @aI2407@v5
701  0 @a琼瑶,@Aqiong yao@f1938-2024@4著
801  0 @aCN@bCDNYKJZYXY@c20241209
905    @aCDNYKJZYXY@b300733963-65@dI2407@e4530@f3
    
    菟丝花/琼瑶著.-北京:作家出版社,2024.10
    263页;21cm.-(琼瑶作品大合集)
    
    
    ISBN 978-7-5212-2841-0:CNY39.00
    本书内容讲述: 母亲去世之后, 孟忆湄被托付给素未谋面的罗毅教授。罗家处处透露出诡异的气氛: 罗教授性情暴躁、行为古怪; 罗太太纤弱苍白, 经常半夜出现在忆湄的床边; 痴痴傻傻的园丁嘉嘉总是哼唱着那首“花非花雾非雾”的歌曲; 花园中的小树林传说曾有人在那里吊死……忆湄的到来撕开了笼罩在罗家的诡异氛围, 解开了缠绕在罗教授、罗太太以及母亲三人之间的秘密, 也成功让阳光照进了这座房子里。“君为女萝草, 妾作菟丝花。”菟丝花是一种藤蔓植物, 只能依附缠绕在别的植物上才能生存。女子是否必须依附一个强壮的男人做一株“菟丝花”呢? 忆湄的母亲与罗太太做出了不同的选择。在爱情中, 除却娇弱的菟丝花, 女子也尽可以做一株劲草、一棵大树。
相关链接 在五车中查询图书 在当当中查询图书 在豆瓣中查询图书


正题名:菟丝花     索取号:I2407/4530         预约/预借

序号 登录号 条形码 馆藏地/架位号 状态 备注
1 733963   300733963   流通书库/ [索取号:I2407/4530] 在馆    
2 733964   300733964   柳城-3楼/柳城-3楼27架13列1层/ [索取号:I2407/4530] 在馆    
3 733965   300733965   柳城-3楼/柳城-3楼27架13列1层/ [索取号:I2407/4530] 在馆